01418nam a2200397 a 4500008004100000020001800041041000800059245005800067250001100125260003700136300002400173500010300197653004600300653002500346653002500371653002700396653003200423653005100455653005100506653003900557653004200596653003100638653002800669653003200697653001000729653004100739653004100780653002400821653003800845653003500883653001800918700002100936700001800957700002100975700002400996110630s2010 ag ||||f |||| 001 0 spa d a9789871609031 aspa aDermatología en Medicina Interna /cAlberto Woscoff a3a ed. aBuenos Aires:bAlfaomega;c2010. a768 p.c18 x 26 cm. aWoscoff, A. et al. (2010). Dermatología en Medicina Interna. (3a ed.). Buenos Aires : Alfaomega. aDermatosis eritematoescamosas y papulosas aDermatosis papulosas aDermatosis maculosas aDermatosis eccematosas aDermatosis vesicoampollares aDermatosis infecciosas, parasitarias y virales aEnfermedades inmunitarias del tejido conectivo aEnfermedades del pelo y las uñas aEnfermedades de las membranas mucosas aEnfermedades de los anexos aDermatitis congénitas aDermatología pediátrica aNevos aPreneoplasis y neoplasias cutáneas aEnfermedades del tejido subcutáneo aUlcera de la pierna aDermatología y medicina interna aPsiconeuroinmunodermatología aTerapéutica1 aWoscoff, Alberto1 aKaminsky, Ana1 aMarini, Mario A.1 aAllevato, Miguel A.